[Event "402 Stay Safe Play From Home series"]
[Site "Emanuel Lasker Arena"]
[Date "2020.08.21"]
[Round "2"]
[White "Schachwerk_64"]
[Black "Erdema"]
[Result "1-0"]
[WhiteElo "1886"]
[BlackElo "1731"]
[Annotator "NA RC"]
[PlyCount "137"]
[EventDate "2020.08.21"]
[EventType "swiss (blitz)"]

1. e4 {[%emt 0:00:03]} e5 {[%emt 0:00:02]} 2. Nf3 {[%emt 0:00:01]} Nc6 {[%emt 0:00:01]} 3. Bc4 {[%emt 0:00:01]} Bc5 {[%emt 0:00:02]} 4. c3 {[%emt 0:00:01]} d6 {[%emt 0:00:02]} 5. d4 {[%emt 0:00:07]} exd4 {[%emt 0:00:01]} 6. cxd4 {[%emt 0:00:00]} Bb4+ {[%emt 0:00:01]} 7. Nc3 {[%emt 0:00:01]} h6 {[%emt 0:00:02]} 8. O-O {[%emt 0:00:08]} Nf6 {[%emt 0:00:02]} 9. e5 {[%emt 0:00:38]} dxe5 {[%emt 0:00:09]} 10. dxe5 {[%emt 0:00:00]} Qxd1 {[%emt 0:00:03]} 11. Rxd1 {[%emt 0:00:02]} Bxc3 {[%emt 0:00:05]} 12. bxc3 {[%emt 0:00:05]} Ne4 {[%emt 0:00:02]} 13. Re1 {[%emt 0:00:40]} Nxc3 {[%emt 0:00:06]} 14. e6 {[%emt 0:00:28]} fxe6 {[%emt 0:00:04]} 15. Bb2 {[%emt 0:00:07]} Na4 {[%emt 0:00:06]} 16. Bxg7 {[%emt 0:00:01]} Rg8 {[%emt 0:00:02]} 17. Bxh6 {[%emt 0:00:01]} Rg6 {[%emt 0:00:03]} 18. Bf4 {[%emt 0:00:05]} a6 {[%emt 0:00:08]} 19. Bxc7 {[%emt 0:00:06]} Bd7 {[%emt 0:00:04]} 20. Rac1 {[%emt 0:00:34]} Rc8 {[%emt 0:00:04]} 21. Bd6 {[%emt 0:00:02]} Ne7 {[%emt 0:00:11]} 22. Bb3 {[%emt 0:00:06]} Nb6 {[%emt 0:00:15]} 23. h4 {[%emt 0:00:07]} Nf5 {[%emt 0:00:05]} 24. Be5 {[%emt 0:00:06]} Bc6 {[%emt 0:00:11]} 25. Ng5 {[%emt 0:00:02]} Bd5 {[%emt 0:00:20]} 26. Bxd5 {[%emt 0:00:05]} Rxc1 {[%emt 0:00:03]} 27. Rxc1 {[%emt 0:00:05]} Nxd5 {[%emt 0:00:05]} 28. g3 {[%emt 0:00:02]} Nh6 {[%emt 0:00:18]} 29. Ne4 {[%emt 0:00:06]} Kd7 {[%emt 0:00:24]} 30. Nc5+ {[%emt 0:00:02]} Kc6 {[%emt 0:00:03]} 31. Nxe6+ {[%emt 0:00:01]} Kd7 {[%emt 0:00:08]} 32. Nf4 {[%emt 0:00:02]} Nxf4 {[%emt 0:00:03]} 33. Bxf4 {[%emt 0:00:00]} Nf5 {[%emt 0:00:05]} 34. Rc7+ {[%emt 0:00:01]} Kd8 {[%emt 0:00:02]} 35. Rxb7 {[%emt 0:00:02]} Nxh4 {[%emt 0:00:04]} 36. Kf1 {[%emt 0:00:02]} Nf3 {[%emt 0:00:05]} 37. Ra7 {[%emt 0:00:01]} Re6 {[%emt 0:00:09]} 38. Kg2 {[%emt 0:00:03]} Ne1+ {[%emt 0:00:03]} 39. Kh3 {[%emt 0:00:03]} Nf3 {[%emt 0:00:02]} 40. Kg4 {[%emt 0:00:02]} Nd4 {[%emt 0:00:02]} 41. Be3 {[%emt 0:00:01]} Nc6 {[%emt 0:00:08]} 42. Kf5 {[%emt 0:00:02]} Rd6 {[%emt 0:00:13]} 43. Ra8+ {[%emt 0:00:06]} Kd7 {[%emt 0:00:05]} 44. Bf4 {[%emt 0:00:01]} Rd5+ {[%emt 0:00:04]} 45. Ke4 {[%emt 0:00:01]} Rd4+ {[%emt 0:00:02]} 46. Ke3 {[%emt 0:00:01]} Ra4 {[%emt 0:00:02]} 47. g4 {[%emt 0:00:05]} Rxa2 {[%emt 0:00:02]} 48. g5 {[%emt 0:00:01]} Ne7 {[%emt 0:00:03]} 49. Ra7+ {[%emt 0:00:03]} Ke6 {[%emt 0:00:02]} 50. Bg3 {[%emt 0:00:04]} a5 {[%emt 0:00:04]} 51. Bc7 {[%emt 0:00:02]} a4 {[%emt 0:00:02]} 52. f4 {[%emt 0:00:01]} Nd5+ {[%emt 0:00:03]} 53. Kd3 {[%emt 0:00:02]} Ra3+ {[%emt 0:00:02]} 54. Kc4 {[%emt 0:00:02]} Rc3+ {[%emt 0:00:01]} 55. Kd4 {[%emt 0:00:02]} Rxc7 {[%emt 0:00:02]} 56. Rxa4 {[%emt 0:00:02]} Nb6 {[%emt 0:00:02]} 57. Ra6 {[%emt 0:00:02]} Rb7 {[%emt 0:00:01]} 58. Kc5 {[%emt 0:00:01]} Kf5 {[%emt 0:00:02]} 59. Rxb6 {[%emt 0:00:01]} Rg7 {[%emt 0:00:03]} 60. Rf6+ {[%emt 0:00:02]} Kg4 {[%emt 0:00:03]} 61. Kd5 {[%emt 0:00:01]} Rd7+ {[%emt 0:00:03]} 62. Ke6 {[%emt 0:00:01]} Rd4 {[%emt 0:00:02]} 63. Kf7 {[%emt 0:00:01]} Kh5 {[%emt 0:00:03]} 64. g6 {[%emt 0:00:06]} Kh6 {[%emt 0:00:02]} 65. g7+ {[%emt 0:00:03]} Kh5 {[%emt 0:00:01]} 66. g8=Q {[%emt 0:00:01]} Rd7+ {[%emt 0:00:02]} 67. Ke6 {[%emt 0:00:01]} Rd6+ {[%emt 0:00:03]} 68. Kxd6 {[%emt 0:00:03]} Kh4 {[%emt 0:00:03]} 69. Rh6# {[%emt 0:00:02] (Lag: Av=0.59s, max=1.2s) (Lag: Av=0.59s, max=1.2s) (Lag: Av=0.59s, max=1.2s)} 1-0

[Event "402 Stay Safe Play From Home series"]
[Site "Emanuel Lasker Arena"]
[Date "2020.08.21"]
[Round "2"]
[White "Kongle"]
[Black "Patzeroglu"]
[Result "0-1"]
[WhiteElo "1715"]
[BlackElo "1955"]
[Annotator "TA"]
[PlyCount "156"]
[EventDate "2020.08.21"]
[EventType "swiss (blitz)"]

{[%evp 9,156,14,17,17,20,9,19,16,122,101,239,222,225,191,197,162,192,138,177,84,165,69,87,83,225,296,308,312,272,175,174,87,89,94,275,274,273,248,253,267,249,0,0,1,18,13,8,0,0,0,2,2,2,2,15,0,12,0,0,0,0,-6,-8,-9,0,0,0,0,0,-12838,-12839,-12840,-12840,-29997,-12839,-12842,-12840,-12841,-12841,-12841,-12842,-12841,-12842,-12845,-12844,-12844,-12841,-12843,-12843,-12844,-12844,-12848,-12847,-29985,-29984,-29985,-29985,-29986,-29984,-29984,-29985,-29985,-12848,-12849,-12849,-29983,-12848,-12848,-12848,-12849,-12849,-12850,-12850,-12850,-27999,-12851,-27998,-27999,-27999,-27999,-27999,-27999,-27999,-27999,-27999,-27999,-27999,-27999,-27999,-27999,-27999,-27999,-27999,-27999,-27999,-27999,-27999,-27999,-27999,-27999,-27999,-27999,-27999,-27999,-27999,-27999,-27999,-27999,-27999]} 1. d4 Nf6 2. c4 e6 3. Nc3 Bb4 4. Bg5 O-O 5. e3 c5 6. Bd3 {E30: Nimzo-Indian: Leningrad Variation.} cxd4 7. exd4 {[#]} Bxc3+ $146 ({Predecessor:} 7... d5 8. cxd5 exd5 9. Nge2 Bd7 10. O-O Bc6 11. a3 Bd6 12. Bf4 a6 13. Qc2 Bxf4 14. Nxf4 {0-1 (29) Haller,L (1711)-Bittner,P (1877) Heusenstamm 2017}) 8. bxc3 {The position is equal.} Qa5 (8... h6 $11 {keeps the balance.} 9. Bh4 d5) 9. Qd2 Re8 (9... Qd8 $16 {was called for.}) 10. Bxf6 $1 $18 gxf6 11. Ne2 {Threatens to win with c5.} Qg5 12. f4 Qg7 13. O-O-O ({Better is} 13. Ng3 $18) 13... Nc6 14. h4 (14. f5 $18 {has better winning chances.}) 14... b6 (14... f5 $16 {was worth a try.}) 15. h5 (15. f5 $18) 15... Ba6 16. h6 $36 {[%mdl 2048] Black is under strong pressure.} Qg4 (16... Qf8 $16) 17. Rh3 $1 {[%cal Rh3g3]} Kh8 18. Rg3 Qh4 19. Rg7 {And now d5 would win.} f5 20. Rxf7 ({White should play} 20. g4 $1 $18) 20... Re7 $16 21. Rxe7 Qxe7 $2 {[#]} (21... Nxe7 $16 22. Qc2 d5) 22. d5 $1 $18 {[%cal Rd5c6]} Na5 23. Qe3 {aiming for c5.} Qf6 ({Wrong is} 23... Nxc4 $2 24. Bxc4 Bxc4 25. Qd4+ e5 26. Qxc4 $18) 24. dxe6 dxe6 25. Qe5 $2 (25. Qd4 $18 Rf8 26. c5 {[%mdl 64] Discovered Attack}) 25... Qxe5 $11 26. fxe5 {With the idea c5!} Bxc4 27. Bxc4 Nxc4 {[%mdl 4096] Endgame KRN-KRN} 28. Nf4 Nxe5 29. Nxe6 Ng4 30. Rd7 {Black must now prevent Ng5.} Nxh6 31. Ng5 Kg8 32. Nxh7 Ng4 33. Ng5 Ne3 34. g3 Nf1 35. Rd3 Re8 36. Rf3 Re1+ 37. Kb2 Re2+ 38. Ka3 Ne3 {Strongly threatening ...Nc4+.} 39. Rxf5 $2 {[%mdl 8192] Black keeps a firm grip on the game.} (39. Kb3 $11) 39... Nxf5 $19 40. g4 Nd6 41. Kb4 Rg2 (41... Rb2+ $142 42. Ka4 Nc4 43. Nh3 b5#) 42. Ne6 Rxg4+ 43. Kb3 Kf7 44. Nd8+ Ke8 45. Nc6 a5 46. a4 Rh4 47. Ne5 Kd8 48. Nc6+ Kc7 49. Ne5 Re4 50. Ng6 Kc6 51. Kc2 Kc5 52. Kb3 Nc4 53. Nf8 Kd6 54. Nh7 Rf4 55. Ng5 Nd2+ (55... Kd5 $142 56. Kc2 Rf2+ 57. Kc1 Nb2 58. c4+ Nxc4 59. Nh3 Rf3 60. Ng5 Ra3 61. Kb1 Rxa4 62. Kc2 b5 63. Kd3 Ra3+ 64. Ke2 b4 65. Kf2 b3 66. Nh7 b2 67. Nf6+ Kc6 68. Nh5 b1=Q 69. Nf4 {[#]} Qf5 $1 {[%mdl 512]} 70. Kg2 Qc2+ 71. Ne2 Qxe2+ 72. Kh1 Ra1#) 56. Kc2 Ne4 57. Nh3 {[#]} Rf3 $1 58. Ng1 Rg3 59. Ne2 Rg2 60. Kd3 {[#]} Rxe2 $1 61. Kxe2 Nxc3+ 62. Kd3 Nxa4 63. Kc4 {Black mates.} Kc6 64. Kb3 Nc5+ 65. Kc4 b5+ 66. Kc3 Kd5 67. Kb2 b4 68. Kc2 a4 {[%cal Ba5a4,Ba4a3][%mdl 32]} 69. Kb2 a3+ 70. Ka2 Kd4 71. Kb1 Kd3 72. Ka2 Kd2 73. Ka1 b3 74. Kb1 Ne4 75. Ka1 Ke1 76. Kb1 Kd1 77. Ka1 Kd2 {( -> ...Kd3)} 78. Kb1 Nc3+ {Accuracy: White = 65%, Black = 62%.} 0-1

[Event "402 Stay Safe Play From Home series"]
[Site "Emanuel Lasker Arena"]
[Date "2020.08.21"]
[Round "2"]
[White "Timbre"]
[Black "Lazieri3"]
[Result "0-1"]
[WhiteElo "1651"]
[BlackElo "2038"]
[Annotator "TA"]
[PlyCount "56"]
[EventDate "2020.08.21"]
[EventType "swiss (blitz)"]

{[%evp 12,55,1,8,15,-6,-6,-14,16,20,10,1,2,7,16,12,25,-12,6,-2,-3,-13,-8,-6,0,0,0,-17,0,-15,-19,-18,0,0,0,-118,-118,-29995,-29996,-29996,-29997,-29997,-29998,-29998,-29999,-29999]} 1. d4 c6 2. Nf3 d5 3. c3 Nf6 4. Bf4 Bf5 5. e3 e6 6. Bd3 Bxd3 7. Qxd3 Bd6 {D02: 1 d4 d5 2 Nf3 sidelines, including 2...Nf6 3 g3 and 2...Nf6 3 Bf4.} 8. Bg3 Bxg3 9. hxg3 h6 {The position is equal.} 10. Nbd2 Nbd7 11. e4 dxe4 12. Nxe4 Nxe4 13. Qxe4 Nf6 14. Qc2 Qc7 15. O-O O-O {[#]} 16. Rfe1 $146 ({Predecessor:} 16. Ne5 c5 17. Nf3 Rad8 18. Rfd1 c4 19. Re1 Rd5 20. Ne5 Nd7 21. Nxd7 Qxd7 22. Rad1 {½-½ (44) Koh,C-Keleptrishvili,I (1751) Kemer 2009}) 16... Rfd8 17. a3 c5 18. dxc5 Qxc5 19. Rad1 a6 20. Rxd8+ Rxd8 21. Rd1 Qb6 {Black wants to play ...Rxd1+.} 22. Rxd8+ Qxd8 23. Qb3 {[#]} (23. c4 $11) 23... Qd3 $1 $17 {[%cal Rd3b1][%mdl 512] ( -> ...Qb1+)} 24. Qxb7 $2 {[%mdl 8192] This move loses the game for White.} (24. Nh2 $17) 24... Qb1+ {Black mates.} 25. Kh2 Ng4+ {[%mdl 64] Double Attack} 26. Kh3 Nxf2+ 27. Kh4 Qh1+ {[%mdl 64] Double Attack} 28. Nh2 Qxh2# {Accuracy: White = 70%, Black = 94%.} 0-1

[Event "402 Stay Safe Play From Home series"]
[Site "Emanuel Lasker Arena"]
[Date "2020.08.21"]
[Round "2"]
[White "Aerocot"]
[Black "Haris kollari 13"]
[Result "0-1"]
[WhiteElo "1616"]
[BlackElo "1904"]
[Annotator "NA RC"]
[PlyCount "164"]
[EventDate "2020.08.21"]
[EventType "swiss (blitz)"]

1. d4 {[%emt 0:00:04]} d5 {[%emt 0:00:02]} 2. c4 {[%emt 0:00:02]} e5 {[%emt 0:00:04]} 3. dxe5 {[%emt 0:00:04]} d4 {[%emt 0:00:01]} 4. Nf3 {[%emt 0:00:01]} Nc6 {[%emt 0:00:01]} 5. a3 {[%emt 0:00:04]} Bg4 {[%emt 0:00:02]} 6. Bf4 {[%emt 0:00:03]} Nge7 {[%emt 0:00:01]} 7. h3 {[%emt 0:00:05]} Bh5 {[%emt 0:00:01]} 8. e3 {[%emt 0:00:04]} dxe3 {[%emt 0:00:03]} 9. Qxd8+ {[%emt 0:00:02]} Rxd8 {[%emt 0:00:01]} 10. g4 {[%emt 0:00:14]} exf2+ {[%emt 0:00:03]} 11. Kxf2 {[%emt 0:00:02]} Bg6 {[%emt 0:00:01]} 12. Nc3 {[%emt 0:00:03]} Bd3 {[%emt 0:00:08]} 13. Rd1 {[%emt 0:00:06]} Bxf1 {[%emt 0:00:04]} 14. Rxd8+ {[%emt 0:00:02]} Nxd8 {[%emt 0:00:04]} 15. Rxf1 {[%emt 0:00:07]} Ng6 {[%emt 0:00:00]} 16. Be3 {[%emt 0:00:09]} a6 {[%emt 0:00:02]} 17. Nd5 {[%emt 0:00:03]} c6 {[%emt 0:00:07]} 18. Nc7+ {[%emt 0:00:07]} Kd7 {[%emt 0:00:01]} 19. Na8 {[%emt 0:00:01]} Ne6 {[%emt 0:00:03]} 20. Rd1+ {[%emt 0:00:06]} Kc8 {[%emt 0:00:04]} 21. Nb6+ {[%emt 0:00:05]} Kc7 {[%emt 0:00:04]} 22. Na8+ {[%emt 0:00:04]} Kb8 {[%emt 0:00:01]} 23. Nb6 {[%emt 0:00:01]} Bc5 {[%emt 0:00:02]} 24. Nd7+ {[%emt 0:00:07]} Kc7 {[%emt 0:00:05]} 25. Nxc5 {[%emt 0:00:01]} Nxc5 {[%emt 0:00:02]} 26. Bxc5 {[%emt 0:00:01]} b6 {[%emt 0:00:00]} 27. Be3 {[%emt 0:00:02]} Re8 {[%emt 0:00:02]} 28. Bd4 {[%emt 0:00:03]} Nf4 {[%emt 0:00:03]} 29. Kg3 {[%emt 0:00:04]} Ne6 {[%emt 0:00:04]} 30. Bc3 {[%emt 0:00:02]} h6 {[%emt 0:00:05]} 31. Nd4 {[%emt 0:00:03]} Ng5 {[%emt 0:00:05]} 32. Nf5 {[%emt 0:00:02]} Ne4+ {[%emt 0:00:02]} 33. Kf4 {[%emt 0:00:04]} Nxc3 {[%emt 0:00:01]} 34. bxc3 {[%emt 0:00:01]} g6 {[%emt 0:00:06]} 35. Nd6 {[%emt 0:00:01]} Re7 {[%emt 0:00:02]} 36. g5 {[%emt 0:00:06]} hxg5+ {[%emt 0:00:02]} 37. Kxg5 {[%emt 0:00:02]} Rxe5+ {[%emt 0:00:01]} 38. Kf4 {[%emt 0:00:17]} Re7 {[%emt 0:00:03]} 39. Ne4 {[%emt 0:00:03]} Re8 {[%emt 0:00:11]} 40. a4 {[%emt 0:00:02]} Rh8 {[%emt 0:00:03]} 41. Rd3 {[%emt 0:00:03]} Rh4+ {[%emt 0:00:04]} 42. Ke5 {[%emt 0:00:12]} Rh5+ {[%emt 0:00:08]} 43. Kf4 {[%emt 0:00:13]} Rh4+ {[%emt 0:00:02]} 44. Ke5 {[%emt 0:00:01]} f5 {[%emt 0:00:05]} 45. Nf6 {[%emt 0:00:04]} Rxc4 {[%emt 0:00:03]} 46. Rd7+ {[%emt 0:00:02]} Kc8 {[%emt 0:00:02]} 47. Kd6 {[%emt 0:00:05]} Rxc3 {[%emt 0:00:07]} 48. Rc7+ {[%emt 0:00:02]} Kb8 {[%emt 0:00:02]} 49. Rxc6 {[%emt 0:00:01]} Rxh3 {[%emt 0:00:01]} 50. Nd7+ {[%emt 0:00:04]} Ka7 {[%emt 0:00:03]} 51. Nxb6 {[%emt 0:00:03]} Rd3+ {[%emt 0:00:03]} 52. Nd5 {[%emt 0:00:02]} g5 {[%emt 0:00:03]} 53. a5 {[%emt 0:00:02]} g4 {[%emt 0:00:02]} 54. Rc7+ {[%emt 0:00:03]} Kb8 {[%emt 0:00:02]} 55. Rf7 {[%emt 0:00:07]} g3 {[%emt 0:00:04]} 56. Rxf5 {[%emt 0:00:02]} g2 {[%emt 0:00:01]} 57. Rg5 {[%emt 0:00:01]} Rd2 {[%emt 0:00:01]} 58. Ke5 {[%emt 0:00:03]} Ra2 {[%emt 0:00:03]} 59. Rg8+ {[%emt 0:00:11]} Kb7 {[%emt 0:00:01]} 60. Ke4 {[%emt 0:00:04]} Rxa5 {[%emt 0:00:07]} 61. Rxg2 {[%emt 0:00:02]} Ra1 {[%emt 0:00:03]} 62. Rb2+ {[%emt 0:00:01]} Ka7 {[%emt 0:00:05]} 63. Ke5 {[%emt 0:00:03]} a5 {[%emt 0:00:02]} 64. Kd6 {[%emt 0:00:01]} a4 {[%emt 0:00:01]} 65. Kc6 {[%emt 0:00:08]} Rc1+ {[%emt 0:00:06]} 66. Kb5 {[%emt 0:00:02]} Ra1 {[%emt 0:00:03]} 67. Kc6 {[%emt 0:00:11]} a3 {[%emt 0:00:02]} 68. Rb7+ {[%emt 0:00:04]} Ka6 {[%emt 0:00:04]} 69. Nc7+ {[%emt 0:00:01]} Ka5 {[%emt 0:00:01]} 70. Kc5 {[%emt 0:00:06]} Rc1+ {[%emt 0:00:02]} 71. Kd4 {[%emt 0:00:05]} Ka4 {[%emt 0:00:02]} 72. Nd5 {[%emt 0:00:10]} a2 {[%emt 0:00:03]} 73. Rb4+ {[%emt 0:00:05]} Ka3 {[%emt 0:00:02]} 74. Rb8 {[%emt 0:00:08]} a1=Q+ {[%emt 0:00:01]} 75. Ke4 {[%emt 0:00:03]} Re1+ {[%emt 0:00:02]} 76. Ne3 {[%emt 0:00:03]} Qc1 {[%emt 0:00:07]} 77. Ra8+ {[%emt 0:00:02]} Kb4 {[%emt 0:00:01]} 78. Rb8+ {[%emt 0:00:01]} Ka5 {[%emt 0:00:02]} 79. Rb3 {[%emt 0:00:05]} Qc2+ {[%emt 0:00:02]} 80. Kd4 {[%emt 0:00:01]} Qxb3 {[%emt 0:00:04]} 81. Nc4+ {[%emt 0:00:06]} Kb4 {[%emt 0:00:07]} 82. Nd2 {[%emt 0:00:06]} Qc3+ {[%emt 0:00:02] Aerocot resigns Aerocot resigns Aerocot resigns (Lag: Av=0.87s, max=1.9s) (Lag: Av=0.87s, max=1.9s) (Lag: Av=0.87s, max=1.9s)} 0-1

[Event "402 Stay Safe Play From Home series"]
[Site "Emanuel Lasker Arena"]
[Date "2020.08.21"]
[Round "2"]
[White "Klasman"]
[Black "Fat Kevin"]
[Result "0-1"]
[WhiteElo "1538"]
[BlackElo "1898"]
[Annotator "NA RC"]
[PlyCount "40"]
[EventDate "2020.08.21"]
[EventType "swiss (blitz)"]

1. f4 {[%emt 0:00:14]} c6 {[%emt 0:00:00]} 2. c4 {[%emt 0:00:02]} d5 {[%emt 0:00:04]} 3. cxd5 {[%emt 0:00:02]} cxd5 {[%emt 0:00:00]} 4. d4 {[%emt 0:00:01]} Nf6 {[%emt 0:00:00]} 5. e3 {[%emt 0:00:01]} Nc6 {[%emt 0:00:00]} 6. Nf3 {[%emt 0:00:01]} Bg4 {[%emt 0:00:00]} 7. Bb5 {[%emt 0:00:02]} e6 {[%emt 0:00:01]} 8. Qa4 {[%emt 0:00:03]} Bb4+ {[%emt 0:00:01]} 9. Nc3 {[%emt 0:00:06]} Bxc3+ {[%emt 0:00:06]} 10. bxc3 {[%emt 0:00:01]} Qb6 {[%emt 0:00:07]} 11. Ne5 {[%emt 0:00:04]} Rc8 {[%emt 0:00:01]} 12. Nxg4 {[%emt 0:00:05]} Nxg4 {[%emt 0:00:00]} 13. Bxc6+ {[%emt 0:00:03]} Rxc6 {[%emt 0:00:03]} 14. Bd2 {[%emt 0:00:03]} O-O {[%emt 0:00:03]} 15. h3 {[%emt 0:00:01]} Qb2 {[%emt 0:00:07]} 16. Ke2 {[%emt 0:00:06]} Nf6 {[%emt 0:00:05]} 17. Rhb1 {[%emt 0:00:03]} b5 {[%emt 0:00:11]} 18. Qxa7 {[%emt 0:00:11]} Qc2 {[%emt 0:00:03]} 19. Rxb5 {[%emt 0:00:09]} Ne4 {[%emt 0:00:02]} 20. Rd1 {[%emt 0:00:04]} Nxc3+ {[%emt 0:00:02] Klasman resigns Klasman resigns Klasman resigns (Lag: Av=0.55s, max=1.0s) (Lag: Av=0.55s, max=1.0s) (Lag: Av=0.55s, max=1.0s)} 0-1

[Event "402 Stay Safe Play From Home series"]
[Site "Emanuel Lasker Arena"]
[Date "2020.08.21"]
[Round "3"]
[White "Ionelluca"]
[Black "Chesstiger9"]
[Result "1/2-1/2"]
[WhiteElo "2064"]
[BlackElo "2135"]
[Annotator "TA"]
[PlyCount "68"]
[EventDate "2020.08.21"]
[EventType "swiss (blitz)"]

{[%evp 11,68,0,0,0,0,7,0,0,13,-97,-104,-93,-80,-234,-227,-273,-243,-247,0,-83,-111,-75,-62,-156,-129,-146,-72,-13,-41,-119,-96,-104,-91,-111,-86,-127,-81,-86,-85,-159,-156,-212,-205,-205,-194,-198,-168,-169,-161,-158,-158,-158,-158,-157,-147,-161,-125,-132,-107]} 1. c4 e5 2. Nc3 Nf6 3. g3 d5 4. cxd5 Nxd5 5. Bg2 Nb6 6. d3 Nc6 7. Be3 {A22: English Opening: 1...e5 2 Nc3 Nf6.} Be7 8. Rc1 O-O 9. a3 {The position is equal.} Be6 {[#]} 10. b4 $146 (10. Bxc6 $11 bxc6 11. Nf3) ({Predecessor:} 10. Nf3 f5 11. Na4 e4 12. Nd2 exd3 13. Nc5 dxe2 14. Qxe2 Bd5 15. Nf3 Qe8 16. Nxb7 Qf7 17. Nc5 Rae8 18. Nd3 Bf6 {½-½ (18) Jacobsen,B (2290)-Christensen,J (2255) Aarhus 1989}) 10... a5 $17 11. b5 Nd4 12. Nf3 $2 {[#]} (12. Bxd4 $17 exd4 13. Nb1) 12... Bxa3 13. Nxe5 Bxc1 14. Qxc1 Nf5 $2 ({Better is} 14... Qd6 $19 15. Nf3 Nb3) 15. Bxb6 (15. Bxb7 $11 {keeps the balance.} Nxe3 16. fxe3) 15... cxb6 16. Bxb7 Rb8 17. Bc6 ({White should try} 17. Bg2 $15) 17... Ne7 18. Bg2 f6 (18... Qd4 $142 19. Nc6 Nxc6 20. Bxc6 f5) 19. Nc6 Nxc6 20. Bxc6 (20. bxc6 $15 b5 21. O-O) 20... Qd4 21. O-O Rfd8 $36 {[%mdl 2048] Keeping White busy.} 22. Re1 Qb4 23. Qa1 h5 24. Rb1 Qd4 25. Bg2 ({White should play} 25. Rd1) 25... h4 26. Na4 (26. Bc6 $17) 26... Qxa1 27. Rxa1 hxg3 28. hxg3 Bd5 29. Bh3 Bb3 30. Nc3 Kf7 31. Bg2 Rbc8 32. Bc6 Rd4 33. Ra3 a4 34. Kf1 Rcd8 {Accuracy: White = 54%, Black = 66%.} 1/2-1/2

[Event "402 Stay Safe Play From Home series"]
[Site "Emanuel Lasker Arena"]
[Date "2020.08.21"]
[Round "3"]
[White "Lazieri3"]
[Black "Hickey"]
[Result "1/2-1/2"]
[WhiteElo "2042"]
[BlackElo "2118"]
[Annotator "RC"]
[PlyCount "82"]
[EventDate "2020.08.21"]
[EventType "swiss (blitz)"]

1. e4 {[%emt 0:00:02]} c6 {[%emt 0:00:23]} 2. Nc3 {[%emt 0:00:00]} d5 {[%emt 0:00:00] Lazieri3 offers a draw Lazieri3 offers a draw Lazieri3 offers a draw} 3. d4 {[%emt 0:00:05]} dxe4 {[%emt 0:00:02]} 4. Nxe4 {[%emt 0:00:00]} Bf5 {[%emt 0:00:00]} 5. Ng3 {[%emt 0:00:01]} Bg6 {[%emt 0:00:00]} 6. c3 {[%emt 0:00:01]} e6 {[%emt 0:00:05]} 7. Bd3 {[%emt 0:00:01]} Bxd3 {[%emt 0:00:05]} 8. Qxd3 {[%emt 0:00:00]} Nf6 {[%emt 0:00:00]} 9. Nf3 {[%emt 0:00:01]} Nbd7 {[%emt 0:00:07]} 10. O-O {[%emt 0:00:03]} Bd6 {[%emt 0:00:06]} 11. Ne4 {[%emt 0:00:02]} Nxe4 {[%emt 0:00:01]} 12. Qxe4 {[%emt 0:00:00]} O-O {[%emt 0:00:01]} 13. Bg5 {[%emt 0:00:03]} Qc7 {[%emt 0:00:02]} 14. Bh4 {[%emt 0:00:05]} Rac8 {[%emt 0:00:07]} 15. Bg3 {[%emt 0:00:02]} h6 {[%emt 0:00:06]} 16. Bxd6 {[%emt 0:00:04]} Qxd6 {[%emt 0:00:00]} 17. Rfe1 {[%emt 0:00:01]} Rfd8 {[%emt 0:00:03]} 18. Ne5 {[%emt 0:00:02]} Nxe5 {[%emt 0:00:02]} 19. Qxe5 {[%emt 0:00:00]} Qxe5 {[%emt 0:00:01]} 20. Rxe5 {[%emt 0:00:00]} Rd5 {[%emt 0:00:00]} 21. Rxd5 {[%emt 0:00:02]} cxd5 {[%emt 0:00:00]} 22. Kf1 {[%emt 0:00:01] Lazieri3 offers a draw Lazieri3 offers a draw Lazieri3 offers a draw} Kf8 {[%emt 0:00:06]} 23. Ke2 {[%emt 0:00:02]} b5 {[%emt 0:00:03]} 24. a3 {[%emt 0:00:01]} a5 {[%emt 0:00:02]} 25. Kd3 {[%emt 0:00:01]} Rc4 {[%emt 0:00:03]} 26. b3 {[%emt 0:00:04]} Rc7 {[%emt 0:00:02]} 27. Rc1 {[%emt 0:00:00]} Ke7 {[%emt 0:00:02]} 28. c4 {[%emt 0:00:02]} dxc4+ {[%emt 0:00:21]} 29. bxc4 {[%emt 0:00:00]} Kd6 {[%emt 0:00:02]} 30. Rc3 {[%emt 0:00:06]} bxc4+ {[%emt 0:00:09]} 31. Rxc4 {[%emt 0:00:00]} Rb7 {[%emt 0:00:10]} 32. Rc5 {[%emt 0:00:02]} Rb3+ {[%emt 0:00:02]} 33. Rc3 {[%emt 0:00:01]} Rb2 {[%emt 0:00:09]} 34. Rc2 {[%emt 0:00:01]} Rb1 {[%emt 0:00:02]} 35. Rc5 {[%emt 0:00:02]} Rf1 {[%emt 0:00:33]} 36. Ke2 {[%emt 0:00:01]} Rb1 {[%emt 0:00:08]} 37. Rxa5 {[%emt 0:00:02]} Rb2+ {[%emt 0:00:01]} 38. Ke3 {[%emt 0:00:01]} Rb3+ {[%emt 0:00:01]} 39. Ke2 {[%emt 0:00:11]} Rb2+ {[%emt 0:00:01]} 40. Ke3 {[%emt 0:00:01]} Rb3+ {[%emt 0:00:02]} 41. Ke2 {[%emt 0:00:02]} Rb2+ {[%emt 0:00:00] (Lag: Av=0.66s, max=0.8s) (Lag: Av=0.66s, max=0.8s) (Lag: Av=0.66s, max=0.8s)} 1/2-1/2

[Event "402 Stay Safe Play From Home series"]
[Site "Emanuel Lasker Arena"]
[Date "2020.08.21"]
[Round "3"]
[White "Haxhi Baha"]
[Black "Schachwerk_64"]
[Result "0-1"]
[WhiteElo "1966"]
[BlackElo "1896"]
[Annotator "NA RC"]
[PlyCount "38"]
[EventDate "2020.08.21"]
[EventType "swiss (blitz)"]

1. e4 {[%emt 0:00:01]} e5 {[%emt 0:00:01]} 2. f4 {[%emt 0:00:01]} d5 {[%emt 0:00:03]} 3. exd5 {[%emt 0:00:02]} exf4 {[%emt 0:00:01]} 4. Nf3 {[%emt 0:00:02]} Nf6 {[%emt 0:00:01]} 5. c4 {[%emt 0:00:01]} c6 {[%emt 0:00:03]} 6. dxc6 {[%emt 0:00:02]} Nxc6 {[%emt 0:00:00]} 7. d4 {[%emt 0:00:01]} Bb4+ {[%emt 0:00:11]} 8. Nc3 {[%emt 0:00:02]} Bg4 {[%emt 0:00:01]} 9. d5 {[%emt 0:00:03]} Qe7+ {[%emt 0:00:50]} 10. Be2 {[%emt 0:00:18]} O-O-O {[%emt 0:00:26]} 11. O-O {[%emt 0:00:12]} Rhe8 {[%emt 0:00:05]} 12. dxc6 {[%emt 0:01:09]} Rxd1 {[%emt 0:00:10]} 13. cxb7+ {[%emt 0:00:00]} Kxb7 {[%emt 0:00:06]} 14. Bxd1 {[%emt 0:00:02]} Bc5+ {[%emt 0:00:21]} 15. Kh1 {[%emt 0:00:02]} Be3 {[%emt 0:00:01]} 16. Ba4 {[%emt 0:00:49]} Rd8 {[%emt 0:00:08]} 17. Bxe3 {[%emt 0:00:20]} fxe3 {[%emt 0:00:03]} 18. Rae1 {[%emt 0:00:02]} Qc5 {[%emt 0:00:28]} 19. Bb3 {[%emt 0:00:23]} Rd2 {[%emt 0:00:18] Time Time Time (Lag: Av=0.67s, max=1.0s) (Lag: Av=0.67s, max=1.0s) (Lag: Av=0.67s, max=1.0s)} 0-1